| 000 | 00485cam a22002054a 4500 | ||
|---|---|---|---|
| 005 | 20250605164306.0 | ||
| 008 | 250528s ||||||||||||||||||||||||d | ||
| 035 | _a22249 | ||
| 020 | _a9781118988497 | ||
| 040 |
_aGR-AtMCL _bgre _dGR-AtMCL _eAACR2 |
||
| 245 | 1 | _aFOOD AND BEVERAGE COST CONTROL | |
| 250 | _a6 | ||
| 260 |
_bWiley, _c2016 |
||
| 300 | _a408 | ||
| 700 | 1 |
_aDopson Lea _98124 |
|
| 700 | 1 |
_aHayes David _98122 |
|
| 942 | _cBK | ||
| 999 |
_c7305 _d7305 |
||